|
|
|
|
| LEADER |
00744nam a22002177a 4500 |
| 001 |
AAL7817 |
| 003 |
BD-DhAAL |
| 008 |
160327m20012000enk||||| |||| 00| 0 eng d |
| 020 |
|
|
|a 055214939X
|
| 040 |
|
|
|a BD-DhAAL
|c BD-DhAAL
|
| 082 |
|
|
|a 813/.54
|
| 100 |
|
|
|a Forsyth, Frederick
|9 18813
|
| 245 |
|
|
|a The veteran :
|b and other stories /
|c Frederick Forsyth
|
| 260 |
|
|
|a London :
|b Corgi Books,
|c 2001
|
| 300 |
|
|
|a 367 p. ;
|c 18 cm.
|
| 541 |
|
|
|e 7817
|
| 650 |
|
|
|a Veterans
|v Fiction.
|9 18814
|
| 852 |
|
|
|a Savar Campus Library
|c General Shelf
|
| 942 |
|
|
|2 ddc
|c BK
|
| 999 |
|
|
|c 37232
|d 37232
|
| 952 |
|
|
|0 0
|1 0
|2 ddc
|4 0
|6 813_000000000000000__54_FOR
|7 0
|9 58524
|a SCL
|b SCL
|c GEN
|d 2016-03-27
|e Gift:
|l 3
|m 16
|o 813.54 FOR
|p 3020007817
|r 2018-07-09
|s 2018-05-17
|t 1
|w 2016-03-27
|y BK
|